000 01668 a2200205 4500
001 27333
005 20260407155549.0
008 260407a2001 arg spa d
003 AR-UNSa-BCEJYS
040 _aAR-UNSa-BCEJYS
_bspa
_cAR-UNSa-BCEJYS
080 _a330(825.1)
_xEconomía de Mendoza
245 1 0 _aLa economía de Mendoza
_psituación actual y perspectivas
264 1 _aMendoza :
_bUniversidad Nacional de Cuyo. Facultad de Ciencias Económicas
_c2001
300 _a713 p.
_c24 cm.
505 _a1. Macroeconomía provincial / Alejandro Trapé - 2. Sector agropecuario / Mónica Calderón, Iris Perlbach - 3. Extracción de petróleo y otras actividades mineras / Mónica Calderón, Iris Perlbach - 4. Sector industria manufactura / Iris Perlbach, Mónica Calderón - 5. Electricidad, gas y agua / Iris Perlbach, Mónica Calderón - 6. Sector construcciones / Aldo Mendawar, María E. Carretero de Gil - 7. Comercio, restaurantes y hoteles / Mabel García de Piña, Elizabeth Pasteris de Solavallone - 8. Transporte, almacenamiento y comunicaciones / Mabel García de Piña, Pedro A. Marsonet - 9. Sector establecimientos financieros, seguros, renta de la propiedad inmueble y servicios prestados a las empresas / Aldo Medawar, María E. Carretero de Gil - 10. Turismo / Zulema Tomassetti de Piacentini - 11. Recursos hídricos / Jorge Day, Valeria Mendoza - 12. El sector educativo / Gustavo Maradona.
942 _cBK
590 _aniveau_biblio:m niveau_hierar:0
100 1 _aTrapé, Alejandro
856 4 1 _uhttps://biblioeco.unsa.edu.ar/pmb/images/libros/La Economia de Mendoza Situacion Actual y Perspectivas-l117921.jpg
_yImagen de portada
_qimage/jpeg
999 _c1583
_d1583